Responses for show #4953 - Wednesday, March 8, 2006

(Cheryl: The patients may have four legs or none, but the care is state-of-the-art. Clues from North Carolina State College of Veterinary Medicine, next on Jeopardy! Isn't that right, Max?)

Contestants

Randy Logan, a high school English teacher from Mesquite, Texas

Erin Glover, a law student from New York, New York

Alicia Aho, a bookseller from Seattle, Washington (whose 1-day cash winnings total $28,000)

Jeopardy! Round responses

GOING DOWN TO LOUISVILLE
NFL HALL OF FAMERS BY NUMBER
2005 IG NOBEL PRIZES
WORD PUZZLES
BEETHOVEN
A SYMPHONY OF NINTHS
    $200 16
the cheeseburger

Alicia
    $200 3
(Erin: Who is Joe Namath?)

Joe Montana

ErinRandy
    $200 18
frogs

Erin
    $200 8
leftovers

Randy
    $200 13
deafness

Alicia
    $200 1
noon

Erin
    $400 17
Daniel Boone

Randy
    $400 4
Dick Butkus

Randy
    $400 19
penguins

Randy
    $400 9
to hop up and down

Triple Stumper
    $400 14
Haydn

Randy
    $400 2
Pluto

Randy
    $600 29
(Alex: He said he threw it into the [*].)

Ohio River

Triple Stumper
    $600 5
Walter Payton

Randy
    $600 25
an alarm clock

Triple Stumper
    $600 10
there's nothing good on TV

Alicia
    $600 15
one

Randy
    $600 22
Ramadan

Erin
    $800 28
the fleur-de-lis

Erin
    $800 6
Fran Tarkenton

Randy
    $800 26
Star Wars

Randy
    $800 11
(Alex: You need to be "red 'E' four anything." Anything.)

ready for anything

Triple Stumper
    $800 20
Bonn

Randy
    $1,000 23
(Erin: What is mu?)
(Alex: No, if you know one small, tiny thing, you know one [*]. [*], that's the ninth letter.)

iota

Erin
    $1000 30
(Alex: And that would be [*]. Sorry, Erin, not quickly enough.)

Veterans Affairs

Triple Stumper
    $1000 7
(Alicia: Oh, gosh! Who is, um...)
(Alex: Oh, too much time.)
(Alicia: Too much time.)

Larry Csonka

AliciaRandy
    $1000 27
Nigeria

Erin
    $1000 12
a credibility gap

Alicia
    $1000 21
(Randy: What is Beloved Infidel?)

Immortal Beloved

ErinRandy
    $1000 24
Hippolyta

Alicia

Scores at the first commercial break (after clue 15):

Alicia Erin Randy
$800 $0 $4,600

Scores at the end of the Jeopardy! Round:

Alicia Erin Randy
$2,000 $2,600 $6,000

Double Jeopardy! Round responses

VETERINARY MEDICINE
"MOON" ME AT THE MOVIES
COUNTRY NAMES IN THEIR NATIVE TONGUE
(Alex: You identify the country.)
SOUNDS LIKE SPORTS EQUIPMENT
FIRST LADIES
BEFORE & AFTER
    $400 22
an MRI

Alicia
    $400 6
Moonstruck

Randy
    $400 1
the Netherlands

Alicia
    $400 11
Wolfgang Puck

Erin
    $400 18
Laura Bush

Erin
    $400 16
Mary Jane Eyre

Erin
    $800 23
a horse

Erin
    $800 7
Paper Moon

Randy
    $800 2
Poland

Erin
    $800 12
Mitt

Randy
    $800 29
Mary Todd Lincoln

Alicia
    $800 17
George Will and Grace

Randy
    $1200 24
the femur

Alicia
    $1200 8
Under the Cherry Moon

Triple Stumper
    $1200 3
Switzerland

Alicia
    $1200 13
Jersey

Erin
    $5,200 28
(Alicia: Who is Barbara Bush?)

Pat Nixon

Alicia
    $1200 19
Tom Tom Ridge

Triple Stumper
    $1600 30
a bladder

Alicia
    $1600 9
Man on the Moon

Randy
    $1600 4
(Erin: What is Latvia?)
...
(Alex: What is, not Latvia, but [*]?)

Lithuania

Erin
Triple Stumper
    $3,000 14
(Erin: Who is... [*]?)
(Alex: That's it. Yes. [*]. That sounds like sports equipment, doesn't it? Well done. [*] Kohl, was it.)

Helmut

Erin
    $1600 27
Edith Wilson

Triple Stumper
    $1600 20
(Erin: What is Hail to the Chief Chef?)

Hail to the Chief Cook and Bottle Washer

Erin
Triple Stumper
    $2000 25
a kidney transplant

Alicia
    $2000 10
Shoot the Moon

Randy
    $2000 5
(Alicia: What is Cypriot or "Kypriot"?)

Cyprus

AliciaErin
    $2000 15
(Randy: What is "Doc"?)
...
(Alex: Who was [*] Masterson?)

"Bat"

Randy
Triple Stumper
    $2000 26
Frances Cleveland

Triple Stumper
    $2000 21
Burt Lancaster, Pennsylvania

Triple Stumper

Scores at the end of the Double Jeopardy! Round:

Alicia Erin Randy
$2,400 $8,400 $10,400

[wagering suggestions for these scores]

Final Jeopardy! Round responses

SHAKESPEARE
(Alex: Spoken by Caesar.)
AliciaWhat is "Et tu, Brute?"
$2,400
ErinWhat is "Et tu, Brute"?
$6,001
RandyWhat is Et Tu Brute?
$8,400
"Et tu, Brute?"

Final scores:

Alicia Erin Randy
$4,800 $14,401 $18,800
3rd place: $1,000 2nd place: $2,000 New champion: $18,800

Game dynamics:

Coryat scores:

Alicia Erin Randy
$7,600 $8,000 $10,400
12 R,
3 W
(including 1 DD)
14 R
(including 1 DD),
4 W
(including 1 DD)
19 R,
2 W

Combined Coryat: $26,000

The J! Archive is created by fans, for fans. The Jeopardy! game show and all elements thereof, including but not limited to copyright and trademark thereto, are the property of Jeopardy Productions, Inc. and are protected under law. This website is not affiliated with, sponsored by, or operated by Jeopardy Productions, Inc. Join the discussion at JBoard.tv.